000 00602nam a2200241Ia 4500
003 OSt
005 20220924143730.0
006 a|||||r|||| 00| 0
007 ta
008 220923b |||||||| |||| 00| 0 urd d
020 _c40
024 _a309932
037 _cTextual
040 _aARTS
_cARTS
_burd
041 _2urd
_aurd
082 _aO168:gx, N1
100 _aRahi Zaheer ahmad baqwi
_9216703
245 0 _aIktesar -e- nazar
260 _c1991
650 _aURDU LITERATURE
942 _hO168:gx, N1
_cTEXL
_2CC
999 _c455564
_d455564